INDRODUTION TO SCHOOL PSYCHOLOGY (Record no. 26682)

MARC details
000 -LEADER
fixed length control field 00316nam a22001457a 4500
003 - CONTROL NUMBER IDENTIFIER
control field SGT
020 ## - INTERNATIONAL STANDARD BOOK NUMBER
International Standard Book Number 9788126124466
082 ## - DEWEY DECIMAL CLASSIFICATION NUMBER
Classification number 150,VEE
100 ## - MAIN ENTRY--PERSONAL NAME
Personal name VEER VDAI
245 ## - TITLE STATEMENT
Title INDRODUTION TO SCHOOL PSYCHOLOGY
260 ## - PUBLICATION, DISTRIBUTION, ETC. (IMPRINT)
Place of publication, distribution, etc NEW DELHI
Name of publisher, distributor, etc ANMOL PUB.
Year of Publication 2005
300 ## - PAGE DESCRIPTION
No. of Pages 288
650 ## - SUBJECT ADDED ENTRY--TOPICAL TERM
Topical term or geographic name as entry element PSYCHOLOGY
942 ## - ADDED ENTRY ELEMENTS (KOHA)
Source of classification or shelving scheme Dewey Decimal Classification
Koha item type Books
Holdings
Withdrawn status Lost status Source of classification or shelving scheme Damaged status Use restrictions Not for loan Collection code Home library Current library Shelving location Date acquired Vendor Name Cost, normal purchase price SGTU Bill Number Full call number Accession No. (Barcode) Date last seen Bill Date Koha item type Total Checkouts
    Dewey Decimal Classification   Restricted Access Not For Loan ENGINEERING SGT Engineering Library SGT Engineering Library Text Book 17/07/2024 ABC PUBLISHERS & DISTRIBUTORS PVT. LTD. 600.00 SGTU IN39 150,VEE FE9108 17/07/2024 26/06/2024 Books  
    Dewey Decimal Classification       ENGINEERING SGT Engineering Library SGT Engineering Library Text Book 17/07/2024 ABC PUBLISHERS & DISTRIBUTORS PVT. LTD. 600.00 SGTU IN39 150,VEE FE9109 17/07/2024 26/06/2024 Books  
    Dewey Decimal Classification       ENGINEERING SGT Engineering Library SGT Engineering Library Text Book 17/07/2024 ABC PUBLISHERS & DISTRIBUTORS PVT. LTD. 600.00 SGTU IN39 150,VEE FE9110 17/07/2024 26/06/2024 Books  
    Dewey Decimal Classification       ENGINEERING SGT Engineering Library SGT Engineering Library Text Book 17/07/2024 ABC PUBLISHERS & DISTRIBUTORS PVT. LTD. 600.00 SGTU IN39 150,VEE FE9111 17/07/2024 26/06/2024 Books